Estatísticas para Cultura Geral

Clique aqui para jogar o quiz

Estatísticas Gerais

  • Esse quiz foi jogado 21 vezes
  • A pontuação média é 7 de 15

Estatísticas das Respostas

HintResposta% Correto
Qual é o órgão dirigente do futebol mundial (soccer)?FIFA
94%
Qual é a capital da Suíça?Berna
78%
Qual país tem a maior porcentagem de ruivos?Irlanda
67%
Qual é o termo para uma epidemia que se espalhou pelo mundo inteiro?Pandemia
67%
O que significa a saudação alemã "guten Morgen" em inglês?Bom dia
61%
Qual é o lema da França?Liberdade, Igualdade e Fraternidade
61%
Qual é a música mais vendida dos Eagles?Hotel California
56%
Qual é a capital de Andaluzia?Sevilha
50%
Qual aplicativo conhecido permite que os utilizadores enviem fotos que serão excluídas automaticamente após um determinado período de tempo?Snapchat
50%
Qual é o jogo de arcade mais vendido de todos os tempos?Pac-Man
33%
Quem foi elevado à categoria de "Primeiro Cônsul" em 1799, evento geralmente considerado o fim da Revolução francesa?Napoleão Bonaparte
28%
Que empresa de brinquedos faz um kit de robótica chamado "Mindstorms"?Lego
11%
Qual estrutura de Toronto seria o edifício mais alto do Hemisfério Ocidental
se fosse um edifício, o que não é?
CN Tower
0%
Como se chama o hino da França?Marseille
0%
Que túmulo do jovem faraó foi descoberto em 1922?Tutankhamun
0%

Distribuição das Pontuações

Percentil de Números Respondidos

Porcentagem de Pessoas com Cada Pontuação

Sua Pontuação Histórica

Você não jogou esse quiz